La cuestión social en San Fernando: ciudad, sociedad y sectores populares, 1884-1927

Đã lưu trong:
Chi tiết về thư mục
Tác giả chính: Urzúa Aburto, Cristian (Tác giả)
Tác giả khác: Cortez Ahumada, Abel (autor)
Định dạng: Sách
Ngôn ngữ:Tiếng Tây Ban Nha
Được phát hành: Rancagua CNCA 2016
Phiên bản:1a. ed
Những chủ đề:
Các nhãn: Thêm thẻ
Không có thẻ, Là người đầu tiên thẻ bản ghi này!

MARC

LEADER 00000cam a2200000 a 4500
001 UCC8203
003 CL-VaPUC
008 190607e20160000cl |||||||||||||||||spa|d
020 |a 9789563624953 
082 0 4 |a 983.8332  |b URZ  |2 21 
100 0 |a Urzúa Aburto, Cristian  |e author  |9 602859 
700 |a Cortez Ahumada, Abel  |e autor  |9 549596 
245 1 3 |a La cuestión social en San Fernando: ciudad, sociedad y sectores populares, 1884-1927 
250 |a 1a. ed 
300 |a 268 p 
942 |c BK 
945 |d 20190607 12:44:00  |a dcastane 
260 |a Rancagua  |b CNCA  |c 2016 
650 0 |a Historia de ciudades   |9 445863 
650 0 |a Cambio social   |9 256857 
651 7 |a SAN FERNANDO  |2 CL-VaPUC  |9 358359 
583 |a last modification  |c 20190607 12:44:00  |k Rodrigo Vera 
999 |c 374576  |d 374574 
952 |0 0  |1 0  |3 erb  |4 0  |6 983_833200000000000_URZ_2016  |7 0  |8 A  |9 493187  |a BIBHIS  |b BIBHIS  |i 5590973  |o 983.8332 URZ 2016  |p 5590973  |r 2025-01-20  |w 2019-11-24  |y BK  |z Catalogado en:20190607  |k HIS